000 00266nam a2200121 i 4500
001 bg
100 1 _aKWAPISZ, Adam
245 0 _aInformacja patentowa /
_cAdam Kwapisz.
040 _cBPK
041 _apol
942 _cKS
008 s pl f |000 0 pol
999 _c20511
_d20511
856 _uhttp://koha.tu.koszalin.pl/cgi-bin/koha/opac-detail.pl?biblionumber=20511
_yKatalog online BPK